000 00533nam a2200193Ia 4500
005 20250508152912.0
008 008 250505s9999 xx 000 0 eng d
037 _aTextual
040 _aFEDL
_beng
_cFEDL
041 _aeng
_2eng
084 _aB, TAG
_qFEDL
100 _aThompson Edward J
245 0 _aRabindranath Tagore: His life and work
260 _aCalcutta, India
_bYMCA Publishing House
300 _axiv,96p.
490 _aThe Heritage of India
942 _cTEXL
_hB, TAG
999 _c1339506
_d1339506